000 00306nam a2200121Ia 4500
008 190216s9999||||xx |||||||||||||| ||und||
100 _aDe Roberites E D P&Amp; Fransco A&Amp;De Robertis Em F
245 0 _aCell Biology
260 _bWb Saunders Co
_c1975
300 _a615p
650 _aBotany
942 _cBK
999 _c1439
_d1439